000 01045nam a2200301 i 4500
003 EG-GICUC
005 20260422111021.0
008 260422s1967 nyu |||fr|||| 00| 0 eng d
040 _aEG-GiCUC
_beng
_cEG-GiCUC
_dEG-GiCUC
_erda
041 _aeng
082 0 4 _221
_a343.3
_bSC . L
092 0 4 _221
099 _aLaw1 10 343.3 SC . L 1967
100 1 _aSchmidt, Eberhard
_eAuthor.
245 1 0 _aLehrkommentar zur Strafprozessordnung und zum Gerichtsverfassungsgesetz
_nNachtragsband I (StPO) /
_cEberhard Schmidt.
264 1 _aGöttingen :
_bVandenhoeck & Ruprecht,
_c1967.
300 _a707 pages ;
_c24 cm
336 _2rda content
_atext
337 _2rda media
_aComputer
338 _2rda carrier
_aOnline Resource
500 _aNachträge und Ergänzungen zu Teil II (Strafprozeßordnung)
546 _a Text in German
650 1 4 _aGesetz, um die notwendigen Maßnahmen zu ergreifen
_2qrmak
651 1 _2qrmak
856 4 0 _uhttps://fll.law.cu.edu.eg/fulltext/bks/B10-10598.pdf
905 _a161
942 _2ddc
_cBK
_e21
_n0
999 _c72800
_d72800